parties plantes - Statistiques

Statistiques générales
  • Ce quiz a été pris 20 fois
  • Le résultat moyen est 6 sur 11
Statistiques - réponses
Hint Réponse Exemple % Correct
2 Fruits Tomate, Aubergine, Avocat, Banane, Orange
95%
3 Feuilles Laitue, Épinard, Chou
84%
4 Graines Blé, Amandes, Lentilles
84%
7 Racines Carottes, Betterave, Radis
79%
1 Tubercules Pommes de Terre, Patate Douce
79%
6 Bulbes Ail, Oignons
74%
10 Fleurs Brocoli, Chou, FLeur
63%
11 Écorces Canelle
37%
8 Rhizomes Curcuma, Gingembre
32%
11 Sèces Sèce d'érable
5%
9 Tiges et Pousses Céleri, Asperge, Ciboulette
0%
Aucun quiz correspondant
Distribution des résultats
% des personnes avec chaque résultat
Percentile par nombre de réponses
Votre historique - résultats
Vous n’avez pas pris ce quiz